[Event "Madrid-ch Semifinal B"]
[Site "Madrid ESP"]
[Date "2016.03.12"]
[Round "5.6"]
[White "Vukotic Jovsic, Dragan"]
[Black "Gonzalez Rivera, Eduardo"]
[Result "1-0"]
[WhiteElo "1977"]
[BlackElo "2047"]
[PlyCount "87"]
[EventDate "2016.03.03"]
[EventType "swiss"]
[EventRounds "9"]
[EventCountry "ESP"]
[Source "lmi"]
[SourceDate "2016.03.03"]

1. d4 Nf6 2. Nf3 d5 3. Bf4 Bf5 4. e3 e6 5. c4 Bd6 6. Ne5 O-O 7. Nc3 Nbd7 8. Bd3
dxc4 9. Bxc4 Bxe5 10. dxe5 Ne4 11. Nxe4 Bxe4 12. Qd4 Bg6 13. Rd1 Qe7 14. O-O
Nb6 15. Be2 Rfd8 16. Qc3 Nd5 17. Qb3 c6 18. Bg3 b5 19. a4 a6 20. Rc1 Qb4 21.
Qxb4 Nxb4 22. Bh4 Rd2 23. Bf3 Nd3 24. Rxc6 Nxe5 25. axb5 axb5 26. Rc5 Nxf3+ 27.
gxf3 Rxb2 28. Rfc1 h6 29. Rc8+ Rxc8 30. Rxc8+ Kh7 31. Be7 Bd3 32. Rb8 Kg6 33.
Kg2 Rb1 34. h4 e5 35. Rb7 e4 36. Rb6+ Kf5 37. fxe4+ Bxe4+ 38. f3 Bd3 39. Bf8 g5
40. h5 g4 41. e4+ Kg5 42. Bxh6+ Kxh5 43. Be3 gxf3+ 44. Kg3 1-0

[Event "Madrid-ch Semifinal B"]
[Site "Madrid ESP"]
[Date "2016.03.12"]
[Round "5.7"]
[White "Aguilera Lopez, Alejandro"]
[Black "Morera Rodriguez, Ignacio"]
[Result "1-0"]
[WhiteElo "2044"]
[BlackElo "1901"]
[PlyCount "69"]
[EventDate "2016.03.03"]
[EventType "swiss"]
[EventRounds "9"]
[EventCountry "ESP"]
[Source "lmi"]
[SourceDate "2016.03.03"]

1. d4 Nf6 2. Nf3 g6 3. Bg5 Bg7 4. e3 O-O 5. Be2 d6 6. O-O c5 7. c4 Qb6 8. Qb3
Qxb3 9. axb3 cxd4 10. exd4 e6 11. Nc3 Bd7 12. b4 Nc6 13. b5 Ne7 14. Bxf6 Bxf6
15. Ne4 Bg7 16. Nxd6 Bc8 17. Rfd1 Rd8 18. c5 Nd5 19. Ne5 f6 20. Nf3 Bf8 21. Ne4
Kf7 22. Bc4 g5 23. Nc3 g4 24. Ne1 h5 25. Nc2 Bh6 26. Bxd5 exd5 27. Nb4 Be6 28.
Ra3 b6 29. Rda1 bxc5 30. dxc5 Bf8 31. Rxa7+ Rxa7 32. Rxa7+ Kg6 33. Nc6 Re8 34.
b4 Bf5 35. Ra1 1-0

[Event "Madrid-ch Semifinal B"]
[Site "Madrid ESP"]
[Date "2016.03.12"]
[Round "5.8"]
[White "Cuellar Gutierrez, Raul"]
[Black "Martinez Alvira, Santiago"]
[Result "0-1"]
[WhiteElo "1803"]
[BlackElo "1947"]
[PlyCount "160"]
[EventDate "2016.03.03"]
[EventType "swiss"]
[EventRounds "9"]
[EventCountry "ESP"]
[Source "lmi"]
[SourceDate "2016.03.03"]

1. e4 e6 2. d4 d5 3. exd5 exd5 4. Nf3 Bd6 5. Be2 Ne7 6. O-O O-O 7. Bg5 Be6 8.
Nc3 c6 9. Bd3 Qc7 10. Re1 h6 11. Bd2 Bg4 12. h3 Bh5 13. Be2 Bxf3 14. Bxf3 Nd7
15. Ne2 Nf5 16. Bg4 Nh4 17. g3 Ng6 18. Bf5 Nf6 19. Bxg6 fxg6 20. Nf4 Bxf4 21.
Bxf4 Qd7 22. Kg2 Rf7 23. Rf1 Re8 24. f3 Qf5 25. Qd3 Nd7 26. Qxf5 gxf5 27. Rae1
Rfe7 28. Rxe7 Rxe7 29. Kf2 g5 30. Bd2 Kf7 31. Re1 Rxe1 32. Kxe1 Kg6 33. Kf2 Nf8
34. f4 g4 35. h4 Kf7 36. Ke2 Ne6 37. Kd3 Ke8 38. Bb4 Kd7 39. Be1 Ng7 40. Bb4
Nh5 41. Be1 Nf6 42. Bb4 Ne4 43. Be1 b5 44. b3 b4 45. Ke3 Kc7 46. Kd3 Kb6 47.
Ke3 Kb5 48. Kd3 a5 49. Ke3 c5 50. Kd3 Kc6 51. Ke3 Nd6 52. Kd3 Ne4 53. Ke3 c4
54. Ke2 Kb5 55. Ke3 a4 56. Ke2 Nd6 57. Kd1 Ne4 58. Kc1 Ka5 59. Kb2 Nd6 60. Bf2
Nb5 61. Ka1 Nc3 62. Be1 Ne2 63. Bf2 cxb3 64. cxb3 axb3 65. axb3 Nc1 66. Kb1
Nxb3 67. Kc2 Ka4 68. Kb2 h5 69. Ka2 Nc1+ 70. Kb1 Nd3 71. Bg1 Kb3 72. Be3 Kc3
73. Bg1 b3 74. Be3 Nb4 75. Bf2 Nc2 76. Bg1 Nxd4 77. Bf2 Nc2 78. Bc5 d4 79. Kc1
d3 80. Kb1 d2 0-1

[Event "Madrid-ch Semifinal B"]
[Site "Madrid ESP"]
[Date "2016.03.12"]
[Round "5.9"]
[White "Fernandez Rios, Jose Francisco"]
[Black "Zhou, Lulu"]
[Result "1/2-1/2"]
[WhiteElo "1776"]
[BlackElo "1522"]
[PlyCount "43"]
[EventDate "2016.03.03"]
[EventType "swiss"]
[EventRounds "9"]
[EventCountry "ESP"]
[Source "lmi"]
[SourceDate "2016.03.03"]

1. d4 d5 2. c4 c6 3. Nf3 Nf6 4. e3 e6 5. Nbd2 Nbd7 6. b3 Bd6 7. Bb2 b6 8. Bd3
Bb7 9. Ne5 c5 10. O-O Ne4 11. f3 Nxd2 12. Qxd2 Nxe5 13. dxe5 Bc7 14. cxd5 Bxd5
15. Bb5+ Ke7 16. Rad1 a6 17. Be2 h6 18. Qc2 Qb8 19. f4 Qb7 20. Bf3 Bxf3 21.
Rxf3 Rad8 22. Rff1 1/2-1/2

[Event "Madrid-ch Semifinal B"]
[Site "Madrid ESP"]
[Date "2016.03.12"]
[Round "5.10"]
[White "Estevez Sacristan, Deva"]
[Black "Leniz Martinez, Francisco"]
[Result "1/2-1/2"]
[WhiteElo "1651"]
[BlackElo "1698"]
[PlyCount "147"]
[EventDate "2016.03.03"]
[EventType "swiss"]
[EventRounds "9"]
[EventCountry "ESP"]
[Source "lmi"]
[SourceDate "2016.03.03"]

1. e4 c5 2. Nf3 e6 3. d4 cxd4 4. Nxd4 a6 5. Nc3 Qc7 6. Bd3 Bc5 7. Nf3 Nc6 8.
O-O Nf6 9. Bg5 Be7 10. Re1 O-O 11. e5 Ne8 12. Bxe7 Nxe7 13. Ng5 g6 14. Qg4 h6
15. Nf3 d5 16. Qh4 Kg7 17. Ne2 Rh8 18. Ng3 Ng8 19. Qg4 Kf8 20. h4 h5 21. Qf4
Kg7 22. Ng5 Qe7 23. c4 Nc7 24. Rad1 Bd7 25. Bc2 Bc6 26. Bb3 Nh6 27. Nf3 dxc4
28. Bxc4 Bd5 29. Nd2 Bxc4 30. Nxc4 Nd5 31. Qe4 Ng4 32. f3 Qxh4 33. fxg4 Qxg3
34. Rd3 Qxg4 35. Qxg4 hxg4 36. Rb3 b5 37. Nd6 Ra7 38. Rg3 Rc7 39. Rxg4 Ne7 40.
Rf1 Nf5 41. Nxf5+ exf5 42. Rxf5 Rc1+ 43. Rf1 Rhc8 44. Rgf4 Rxf1+ 45. Rxf1 Rc2
46. Rf6 a5 47. Ra6 a4 48. Ra7 Kf8 49. Rb7 Rxb2 50. a3 Rb3 51. Kf2 Rxa3 52. Rxb5
Rb3 53. Ra5 a3 54. Kg1 Ke7 55. Ra6 Rb1+ 56. Kh2 Rb3 57. Kg1 Kd7 58. Kh2 Rb5 59.
e6+ fxe6 60. Rxa3 Ke7 61. Rg3 Kf7 62. Re3 Kf6 63. Rf3+ Rf5 64. Re3 g5 65. Kg3
e5 66. Ra3 e4 67. Ra6+ Ke5 68. Ra5+ Kf6 69. Ra6+ Kg7 70. Re6 Rf4 71. Kh3 Kf7
72. Re5 Kf6 73. Re8 Rh4+ 74. Kg3 1/2-1/2

[Event "Madrid-ch Semifinal B"]
[Site "Madrid ESP"]
[Date "2016.03.18"]
[Round "6.1"]
[White "Vallejo Nuño, Jorge"]
[Black "Ramos del Campo, Alexander"]
[Result "1/2-1/2"]
[WhiteElo "2126"]
[BlackElo "2091"]
[PlyCount "24"]
[EventDate "2016.03.03"]
[EventType "swiss"]
[EventRounds "9"]
[EventCountry "ESP"]
[Source "lmi"]
[SourceDate "2016.03.03"]

1. d4 Nf6 2. Bf4 e6 3. e3 c5 4. Nf3 Be7 5. Bd3 b6 6. Nc3 O-O 7. h3 Bb7 8. Nb5
Ne8 9. c4 d6 10. d5 exd5 11. cxd5 Bf6 12. Nc3 Ba6 1/2-1/2

[Event "Madrid-ch Semifinal B"]
[Site "Madrid ESP"]
[Date "2016.03.18"]
[Round "6.2"]
[White "Ruiz Sanchez, Roberto"]
[Black "Quispe Arteaga, Gabriel"]
[Result "0-1"]
[WhiteElo "1982"]
[BlackElo "2059"]
[PlyCount "68"]
[EventDate "2016.03.03"]
[EventType "swiss"]
[EventRounds "9"]
[EventCountry "ESP"]
[Source "lmi"]
[SourceDate "2016.03.03"]

1. e4 c5 2. Nf3 Nc6 3. d4 cxd4 4. Nxd4 g6 5. c4 Bg7 6. Be3 d6 7. Nc3 Nf6 8. Be2
O-O 9. O-O Nxd4 10. Bxd4 Be6 11. Qd2 Qa5 12. Rfd1 Rfc8 13. b3 a6 14. f3 Nd7 15.
Bxg7 Kxg7 16. f4 Qc5+ 17. Qd4+ Qxd4+ 18. Rxd4 b5 19. Nd5 Bxd5 20. exd5 bxc4 21.
Bxc4 Nb6 22. Re1 Kf8 23. f5 Rc7 24. fxg6 hxg6 25. h4 Nd7 26. Rde4 Ne5 27. Bf1
Rc5 28. Rd1 a5 29. Rd2 Rc1 30. Kf2 f5 31. Ra4 Ng4+ 32. Ke2 Rac8 33. g3 R8c3 34.
Bh3 Re3# 0-1

[Event "Madrid-ch Semifinal B"]
[Site "Madrid ESP"]
[Date "2016.03.18"]
[Round "6.3"]
[White "Pindado Campos, Raul"]
[Black "Perez de Aranda, Leonardo Ivan"]
[Result "1/2-1/2"]
[WhiteElo "2035"]
[BlackElo "2082"]
[PlyCount "49"]
[EventDate "2016.03.03"]
[EventType "swiss"]
[EventRounds "9"]
[EventCountry "ESP"]
[Source "lmi"]
[SourceDate "2016.03.03"]

1. d4 d5 2. c4 dxc4 3. Nc3 Nf6 4. e4 e5 5. d5 c6 6. Bxc4 b5 7. Bb3 b4 8. Nce2
Nxe4 9. Nf3 Nc5 10. Be3 Nxb3 11. Qxb3 Qxd5 12. Qxd5 cxd5 13. Nxe5 Bd6 14. Nf3
Nc6 15. O-O O-O 16. Rfd1 Be6 17. Nf4 Rfd8 18. Rac1 Rac8 19. Kf1 Bxf4 20. Bxf4
f6 21. Nd4 Nxd4 22. Rxc8 Rxc8 23. Rxd4 a5 24. Rd1 Rc2 25. Rd2 1/2-1/2

[Event "Madrid-ch Semifinal B"]
[Site "Madrid ESP"]
[Date "2016.03.18"]
[Round "6.4"]
[White "Ocaña Lameiro, Oliver"]
[Black "Aguilera Lopez, Alejandro"]
[Result "1/2-1/2"]
[WhiteElo "1953"]
[BlackElo "2044"]
[PlyCount "81"]
[EventDate "2016.03.03"]
[EventType "swiss"]
[EventRounds "9"]
[EventCountry "ESP"]
[Source "lmi"]
[SourceDate "2016.03.03"]

1. c4 c6 2. Nc3 d5 3. cxd5 cxd5 4. d4 Nf6 5. Nf3 Nc6 6. g3 Bf5 7. Bg2 e6 8. O-O
Be7 9. h3 O-O 10. Nh4 Bg6 11. Nxg6 hxg6 12. e3 a6 13. a3 b5 14. b4 Rc8 15. Bd2
Qb6 16. Qb3 Ne8 17. Rfc1 Nd6 18. Bf1 Nc4 19. Bxc4 dxc4 20. Qb2 f5 21. Ne2 g5
22. Bc3 Bf6 23. f4 Ne7 24. fxg5 Bxg5 25. Nf4 Nd5 26. Re1 Rcd8 27. Nxd5 exd5 28.
Qf2 Qe6 29. Re2 Rde8 30. Rae1 Qe4 31. Bd2 Rf6 32. Qg2 Rfe6 33. Qxe4 Rxe4 34.
Kf2 R8e6 35. Kf3 Rh6 36. Kg2 Rhe6 37. Kf3 Be7 38. Ra1 Rh6 39. Kg2 Rc6 40. Bc3
Rce6 41. Kf3 1/2-1/2

[Event "Madrid-ch Semifinal B"]
[Site "Madrid ESP"]
[Date "2016.03.18"]
[Round "6.5"]
[White "Martinez Alvira, Santiago"]
[Black "Vukotic Jovsic, Dragan"]
[Result "1/2-1/2"]
[WhiteElo "1947"]
[BlackElo "1977"]
[PlyCount "83"]
[EventDate "2016.03.03"]
[EventType "swiss"]
[EventRounds "9"]
[EventCountry "ESP"]
[Source "lmi"]
[SourceDate "2016.03.03"]

1. f4 d5 2. Nf3 c5 3. e3 Nc6 4. b3 Nf6 5. Bb2 e6 6. Bb5 Bd7 7. O-O Be7 8. Bxc6
Bxc6 9. Ne5 Rc8 10. d3 O-O 11. Nd2 b5 12. Nxc6 Rxc6 13. a4 a6 14. axb5 axb5 15.
Qf3 Qb6 16. Ra2 c4 17. bxc4 bxc4 18. Bd4 Bc5 19. Rb1 Qc7 20. Bxc5 Rxc5 21. dxc4
dxc4 22. Rb7 Qd6 23. Nf1 Rc7 24. Rb1 Nd5 25. Rd1 Qc5 26. Rd4 Nc3 27. Ra6 Qb5
28. Rad6 Nd5 29. f5 Qc5 30. Qg3 Nf6 31. fxe6 fxe6 32. Rxe6 Qf5 33. Qe5 Qxc2 34.
Rxf6 Rxf6 35. Rd8+ Rf8 36. Rxf8+ Kxf8 37. Qxc7 c3 38. Qc5+ Kf7 39. e4 Qc1 40.
Qc4+ Kf8 41. Qc5+ Kf7 42. Qc4+ 1/2-1/2

[Event "Madrid-ch Semifinal B"]
[Site "Madrid ESP"]
[Date "2016.03.18"]
[Round "6.6"]
[White "Rojas Pozo, Jose Luis"]
[Black "Gonzalez Rivera, Eduardo"]
[Result "1/2-1/2"]
[WhiteElo "2017"]
[BlackElo "2047"]
[PlyCount "164"]
[EventDate "2016.03.03"]
[EventType "swiss"]
[EventRounds "9"]
[EventCountry "ESP"]
[Source "lmi"]
[SourceDate "2016.03.03"]

1. d4 Nf6 2. Nf3 d5 3. e3 c6 4. Bd3 Bg4 5. c4 e6 6. Nbd2 Bd6 7. Qc2 Nbd7 8. b3
e5 9. dxe5 Nxe5 10. Nxe5 Bxe5 11. Rb1 Bh5 12. Ba3 Bg6 13. Bxg6 hxg6 14. h3 g5
15. Ke2 Qd7 16. Nf3 Qc7 17. Qf5 Bd6 18. Bxd6 Qxd6 19. Rhd1 Ne4 20. Rbc1 g6 21.
Qxe4+ dxe4 22. Rxd6 exf3+ 23. Kxf3 Rd8 24. Rcd1 Rxd6 25. Rxd6 Ke7 26. c5 Rh4
27. e4 Rh5 28. b4 a5 29. Rd4 a4 30. Rd3 Rh8 31. Kg4 f6 32. Ra3 Ra8 33. e5 fxe5
34. Kxg5 Ke6 35. Rd3 a3 36. Rd6+ Ke7 37. Rxg6 Rd8 38. Rg7+ Ke6 39. Rxb7 Rd2 40.
b5 Rxf2 41. g4 cxb5 42. Rxb5 Rxa2 43. c6 Rc2 44. Ra5 Rc3 45. h4 e4 46. Kf4 e3
47. Kf3 Kd6 48. h5 Kxc6 49. h6 Kb6 50. h7 Kxa5 51. h8=Q Kb4 52. Qb8+ Kc4 53.
Qb1 Rb3 54. Qe4+ Kb5 55. g5 a2 56. Qa8 e2+ 57. Kxe2 Rb2+ 58. Kf3 Kb4 59. g6
Rb3+ 60. Kf4 Ra3 61. Qb7+ Ka4 62. Qa6+ Kb3 63. Qb5+ Kc2 64. Qc4+ Kb2 65. g7
a1=Q 66. Qd4+ Rc3 67. g8=Q Qf1+ 68. Ke5 Qe2+ 69. Kd6 Qa6+ 70. Ke7 Qb7+ 71. Kf6
Qf3+ 72. Kg7 Qg2+ 73. Kf7 Qb7+ 74. Kf8 Qa8+ 75. Kg7 Qg2+ 76. Kh8 Qh3+ 77. Qh7
Qc8+ 78. Kg7 Qb7+ 79. Kg6 Qg2+ 80. Kf6 Qc6+ 81. Ke5 Qb5+ 82. Kf4 Qf1+ 1/2-1/2

[Event "Madrid-ch Semifinal B"]
[Site "Madrid ESP"]
[Date "2016.03.18"]
[Round "6.7"]
[White "Molina Garcia, Francisco Javier"]
[Black "Cruz Gonzalez, Antonio"]
[Result "1-0"]
[WhiteElo "1907"]
[BlackElo "1709"]
[PlyCount "135"]
[EventDate "2016.03.03"]
[EventType "swiss"]
[EventRounds "9"]
[EventCountry "ESP"]
[Source "lmi"]
[SourceDate "2016.03.03"]

1. d4 Nf6 2. c4 g6 3. Nc3 Bg7 4. e4 d6 5. f3 O-O 6. Be3 c5 7. dxc5 dxc5 8. Qxd8
Rxd8 9. Bxc5 Nc6 10. Nd5 Nd7 11. Bxe7 Nxe7 12. Nxe7+ Kf8 13. Nd5 Bxb2 14. Rb1
Bg7 15. Nh3 Nc5 16. Nhf4 b6 17. Be2 f5 18. O-O fxe4 19. fxe4 Bd4+ 20. Kh1 Kg7
21. Nc7 Rb8 22. Rbd1 Rb7 23. Nb5 Bf6 24. e5 Bg5 25. Rxd8 Bxd8 26. Nd6 Rb8 27.
Bf3 Bg5 28. Bd5 Bf5 29. Nh5+ Kh6 30. Nxf5+ gxf5 31. Ng3 f4 32. Nf5+ Kg6 33. Nd6
Rf8 34. Re1 Be7 35. Nb5 a6 36. Nd4 Kg7 37. Nc6 Nd3 38. Rb1 Bc5 39. h3 Rf5 40.
e6 Rh5 41. e7 Nf2+ 42. Kh2 Ng4+ 43. Kh1 Nf2+ 44. Kg1 Ng4+ 45. Kf1 Nf6 46. Rd1
Rh6 47. Ke2 Ne8 48. Kf3 Rf6 49. Re1 a5 50. Re5 h6 51. Nd8 Bd6 52. Re4 Rg6 53.
Bc6 Rg3+ 54. Kf2 Bc5+ 55. Kf1 Re3 56. Rxe3 fxe3 57. Bxe8 Bxe7 58. Nc6 Bc5 59.
Ne5 Kf6 60. Ng4+ Kg5 61. Ke2 Kf4 62. Nxh6 Kg5 63. Ng4 Kf4 64. Bb5 Bd4 65. Kd3
Bc5 66. a4 Bd4 67. Kxd4 e2 68. Ne5 1-0

[Event "Madrid-ch Semifinal B"]
[Site "Madrid ESP"]
[Date "2016.03.18"]
[Round "6.8"]
[White "Morera Rodriguez, Ignacio"]
[Black "Zhou, Lulu"]
[Result "1-0"]
[WhiteElo "1901"]
[BlackElo "1522"]
[PlyCount "77"]
[EventDate "2016.03.03"]
[EventType "swiss"]
[EventRounds "9"]
[EventCountry "ESP"]
[Source "lmi"]
[SourceDate "2016.03.03"]

1. d4 d5 2. c4 c6 3. Nf3 Nf6 4. g3 e6 5. Bg2 Nbd7 6. O-O Bd6 7. Nc3 O-O 8. Bg5
h6 9. Bd2 dxc4 10. e4 e5 11. d5 cxd5 12. exd5 Nc5 13. Nb5 Bb8 14. Bb4 Qb6 15.
Bxc5 Qxc5 16. Nc3 Bd6 17. Nd2 Bc7 18. Qa4 Bf5 19. Rfc1 Bb6 20. Nd1 Rad8 21.
Nxc4 Qe7 22. Nxb6 axb6 23. Ne3 Bg6 24. Qb3 Rc8 25. Qxb6 Be4 26. d6 Qd7 27. Rc7
Rxc7 28. dxc7 Bxg2 29. Kxg2 Nd5 30. Nxd5 Qxd5+ 31. Kg1 Ra8 32. Rc1 Rc8 33. Qc5
Qxa2 34. Qxe5 Qa4 35. Qd5 Qa8 36. Qd7 b6 37. Rd1 Kh7 38. Qf5+ Kg8 39. Qxc8+ 1-0

[Event "Madrid-ch Semifinal B"]
[Site "Madrid ESP"]
[Date "2016.03.18"]
[Round "6.9"]
[White "Leniz Martinez, Francisco"]
[Black "Cuellar Gutierrez, Raul"]
[Result "1/2-1/2"]
[WhiteElo "1698"]
[BlackElo "1803"]
[PlyCount "108"]
[EventDate "2016.03.03"]
[EventType "swiss"]
[EventRounds "9"]
[EventCountry "ESP"]
[Source "lmi"]
[SourceDate "2016.03.03"]

1. e4 e5 2. Nf3 Nc6 3. Bb5 a6 4. Ba4 Nf6 5. O-O Be7 6. Re1 b5 7. Bb3 O-O 8. c3
d5 9. exd5 Nxd5 10. Nxe5 Nxe5 11. Rxe5 c6 12. d4 Bd6 13. Re1 Qh4 14. g3 Qh3 15.
Qd3 Bg4 16. Qf1 Qh5 17. Be3 Rae8 18. Nd2 Re6 19. Qg2 Nxe3 20. Rxe3 Rh6 21. Rae1
Bd7 22. Ne4 Bh3 23. Qh1 Bb8 24. Nd2 g5 25. Re8 Kg7 26. Rxf8 Kxf8 27. Qf3 Bg4
28. Qg2 f5 29. f3 Bh3 30. Qf2 Bd6 31. Bd1 Qf7 32. Bb3 Qc7 33. Re2 Rf6 34. Nf1
Bxf1 35. Qxf1 c5 36. dxc5 Bxc5+ 37. Kg2 f4 38. g4 Be3 39. Kh1 Rd6 40. Qb1 Qd7
41. Qf5+ Qxf5 42. gxf5 Kg7 43. Be6 Rd1+ 44. Kg2 Rg1+ 45. Kh3 h5 46. Rg2 Kf6 47.
Rxg1 Bxg1 48. Kg2 Bc5 49. h3 h4 50. Bc8 a5 51. Bd7 b4 52. cxb4 axb4 53. a3 bxa3
54. bxa3 Bxa3 1/2-1/2

[Event "Madrid-ch Semifinal B"]
[Site "Madrid ESP"]
[Date "2016.03.18"]
[Round "6.10"]
[White "Fernandez Rios, Jose Francisco"]
[Black "Estevez Sacristan, Deva"]
[Result "1-0"]
[WhiteElo "1776"]
[BlackElo "1651"]
[PlyCount "133"]
[EventDate "2016.03.03"]
[EventType "swiss"]
[EventRounds "9"]
[EventCountry "ESP"]
[Source "lmi"]
[SourceDate "2016.03.03"]

1. d4 d5 2. c4 e6 3. Nf3 Nf6 4. Bg5 Be7 5. Nc3 O-O 6. e3 b6 7. cxd5 exd5 8. Rc1
Bb7 9. Bd3 Nbd7 10. O-O Rc8 11. Bf5 h6 12. Bxf6 Bxf6 13. Qa4 c6 14. Nxd5 cxd5
15. Qxd7 Qxd7 16. Bxd7 Rxc1 17. Rxc1 Bd8 18. Ne5 Kh7 19. Bc6 Bxc6 20. Rxc6 f6
21. Nd3 Rf7 22. Kf1 Rd7 23. b4 Be7 24. b5 Bd6 25. g3 g5 26. g4 Kg6 27. h3 Kf7
28. Ke2 Kg7 29. f4 Kf7 30. Kf3 Kg7 31. Nf2 Kf7 32. Nh1 Kg6 33. Ng3 Bf8 34. Nf5
Bb4 35. Rc8 Kh7 36. fxg5 hxg5 37. h4 gxh4 38. Nxh4 Be7 39. Kf4 Bd8 40. Rc6 Kg7
41. Nf5+ Kh7 42. Kf3 Kg6 43. Rd6 Rxd6 44. Nxd6 Bc7 45. Nc8 Bb8 46. Ne7+ Kf7 47.
Nxd5 Ke6 48. Nb4 Kd6 49. e4 Kd7 50. Nc6 Bh2 51. Nxa7 Bg1 52. Nc6 Kd6 53. e5+
fxe5 54. dxe5+ Ke6 55. Ke4 Bc5 56. g5 Bf8 57. Nd4+ Kf7 58. Kd5 Bc5 59. e6+ Kf8
60. Nc6 Ke8 61. e7 Be3 62. g6 Bh6 63. Ke6 Bg7 64. Ne5 Bh8 65. Nf7 Be5 66. g7
Bxg7 67. Nd6# 1-0

[Event "Madrid-ch Semifinal B"]
[Site "Madrid ESP"]
[Date "2016.03.19"]
[Round "7.1"]
[White "Quispe Arteaga, Gabriel"]
[Black "Vallejo Nuño, Jorge"]
[Result "1/2-1/2"]
[WhiteElo "2059"]
[BlackElo "2126"]
[PlyCount "63"]
[EventDate "2016.03.03"]
[EventType "swiss"]
[EventRounds "9"]
[EventCountry "ESP"]
[Source "lmi"]
[SourceDate "2016.03.03"]

1. d4 g6 2. c4 Bg7 3. Nf3 d6 4. Nc3 Nd7 5. g3 e5 6. Bg2 exd4 7. Nxd4 Ne7 8. O-O
Nc5 9. Nb3 Nxb3 10. axb3 Nc6 11. Be3 O-O 12. Qd2 Be6 13. Nb5 a6 14. Nd4 Bd7 15.
Nxc6 Bxc6 16. Bxc6 bxc6 17. Bd4 Bxd4 18. Qxd4 c5 19. Qd2 Rb8 20. Rxa6 Rxb3 21.
Rfa1 Qf6 22. Ra8 Rxa8 23. Rxa8+ Kg7 24. h4 Rxb2 25. Qe3 Rb1+ 26. Kg2 Qe6 27.
Qd3 Rb4 28. Qc3+ f6 29. Ra7 Qe4+ 30. Kh2 Rb1 31. Rxc7+ Kg8 32. Qf3 1/2-1/2

[Event "Madrid-ch Semifinal B"]
[Site "Madrid ESP"]
[Date "2016.03.19"]
[Round "7.2"]
[White "Ramos del Campo, Alexander"]
[Black "Perez de Aranda, Leonardo Ivan"]
[Result "1/2-1/2"]
[WhiteElo "2091"]
[BlackElo "2082"]
[PlyCount "64"]
[EventDate "2016.03.03"]
[EventType "swiss"]
[EventRounds "9"]
[EventCountry "ESP"]
[Source "lmi"]
[SourceDate "2016.03.03"]

1. e4 c5 2. Nf3 d6 3. d4 cxd4 4. Nxd4 Nf6 5. Nc3 a6 6. Bg5 e6 7. f4 Be7 8. Qf3
Nbd7 9. O-O-O Qc7 10. Bd3 b5 11. Rhe1 Bb7 12. Qg3 b4 13. Nd5 exd5 14. exd5 Kd8
15. Nc6+ Bxc6 16. dxc6 Nc5 17. Bh4 Rg8 18. Bc4 Nfe4 19. Bxe7+ Qxe7 20. Qf3 Kc7
21. g4 Qf6 22. Rxe4 Nxe4 23. Qxe4 Rge8 24. Qf3 g5 25. f5 a5 26. Qb3 Re7 27. a3
Rb8 28. Qa4 Qe5 29. Kb1 Qc5 30. b3 bxa3 31. Rd5 Qxc6 32. Qxa5+ Qb6 1/2-1/2

[Event "Madrid-ch Semifinal B"]
[Site "Madrid ESP"]
[Date "2016.03.19"]
[Round "7.3"]
[White "Aguilera Lopez, Alejandro"]
[Black "Ruiz Sanchez, Roberto"]
[Result "1-0"]
[WhiteElo "2044"]
[BlackElo "1982"]
[PlyCount "79"]
[EventDate "2016.03.03"]
[EventType "swiss"]
[EventRounds "9"]
[EventCountry "ESP"]
[Source "lmi"]
[SourceDate "2016.03.03"]

1. d4 d5 2. Nf3 Nf6 3. e3 Bf5 4. c4 c6 5. Nc3 e6 6. Be2 h6 7. c5 Nbd7 8. b4 Ne4
9. Nxe4 Bxe4 10. a4 Be7 11. Qb3 O-O 12. Bb2 Re8 13. O-O Bf8 14. Bc3 f6 15. b5
e5 16. bxc6 bxc6 17. Qb7 Re6 18. a5 Rb8 19. Qa6 Qc7 20. Nd2 exd4 21. exd4 Rb5
22. Bxb5 Nb8 23. Nxe4 Rxe4 24. Bxc6 Rh4 25. Bxd5+ Kh8 26. g3 Nxa6 27. gxh4 Nxc5
28. Bb4 Qd8 29. Bxc5 Bxc5 30. dxc5 Qxd5 31. Rfc1 Qc6 32. Ra3 f5 33. Rg3 Kg8 34.
h5 f4 35. Rg6 Qd5 36. c6 Qxh5 37. Rg2 Qf5 38. c7 Qc8 39. f3 Kf7 40. Rd2 1-0

[Event "Madrid-ch Semifinal B"]
[Site "Madrid ESP"]
[Date "2016.03.19"]
[Round "7.4"]
[White "Pindado Campos, Raul"]
[Black "Martinez Alvira, Santiago"]
[Result "1-0"]
[WhiteElo "2035"]
[BlackElo "1947"]
[PlyCount "119"]
[EventDate "2016.03.03"]
[EventType "swiss"]
[EventRounds "9"]
[EventCountry "ESP"]
[Source "lmi"]
[SourceDate "2016.03.03"]

1. d4 e6 2. c4 f5 3. Nc3 d5 4. cxd5 exd5 5. Nf3 Nf6 6. Bg5 c6 7. e3 Bd6 8. Bd3
O-O 9. Qc2 h6 10. Bh4 g5 11. Bg3 Ne4 12. Bxd6 Qxd6 13. Ne5 Nd7 14. Nxd7 Bxd7
15. O-O Rae8 16. a3 Nxc3 17. bxc3 c5 18. c4 cxd4 19. exd4 dxc4 20. Bxc4+ Kg7
21. Qb2 b6 22. Bd3 Qd5 23. Rac1 Rc8 24. Bb1 Bc6 25. f3 Rfd8 26. Rfd1 Bb5 27.
Rxc8 Rxc8 28. Re1 Rd8 29. Re5 Qxd4+ 30. Qxd4 Rxd4 31. Rxb5 Ra4 32. Rb3 Kf6 33.
Kf2 g4 34. Bd3 Rd4 35. Ke3 Rd6 36. f4 Re6+ 37. Kd2 Rd6 38. Rb5 a6 39. Rxf5+ Kg7
40. Ke3 b5 41. Rc5 Rb6 42. Bf5 a5 43. Bxg4 b4 44. Rxa5 bxa3 45. Rxa3 Kf6 46.
Be2 Re6+ 47. Kf3 Re7 48. Ra6+ Kg7 49. Bd3 Rd7 50. Be4 h5 51. Rg6+ Kf7 52. Rh6
Rd1 53. Rxh5 Rf1+ 54. Kg4 Re1 55. Bd5+ Kg6 56. Rg5+ Kf6 57. h4 Re8 58. h5 Rh8
59. Rg8 Rh7 60. Rf8+ 1-0

[Event "Madrid-ch Semifinal B"]
[Site "Madrid ESP"]
[Date "2016.03.19"]
[Round "7.5"]
[White "Vukotic Jovsic, Dragan"]
[Black "Ocaña Lameiro, Oliver"]
[Result "1/2-1/2"]
[WhiteElo "1977"]
[BlackElo "1953"]
[PlyCount "100"]
[EventDate "2016.03.03"]
[EventType "swiss"]
[EventRounds "9"]
[EventCountry "ESP"]
[Source "lmi"]
[SourceDate "2016.03.03"]

1. d4 Nf6 2. Nf3 g6 3. Bf4 Bg7 4. e3 O-O 5. Be2 d6 6. h3 Nbd7 7. O-O b6 8. c4
Bb7 9. Nc3 Re8 10. b4 Ne4 11. Nxe4 Bxe4 12. Nd2 Bb7 13. Bf3 Bxf3 14. Nxf3 e5
15. Bg5 f6 16. Bh4 e4 17. Nd2 Qe7 18. Re1 g5 19. Bg3 f5 20. b5 Qf7 21. f4 gxf4
22. Bxf4 Nf6 23. a4 Nh5 24. g3 Kh8 25. Kh2 Rg8 26. Qe2 a6 27. Nb3 Nxf4 28. gxf4
axb5 29. axb5 Bf6 30. Rg1 Rxg1 31. Rxa8+ Rg8 32. Rxg8+ Qxg8 33. Nd2 Qg6 34. Nf1
Bh4 35. Qg2 Qh5 36. Ng3 Bxg3+ 37. Kxg3 Kg7 38. Kf2+ Kf6 39. Ke1 Qh4+ 40. Kd2 h5
41. Ke2 Kf7 42. Kd2 Qd8 43. Qg3 h4 44. Qf2 Qh8 45. Qe2 Qh6 46. Qf2 Qf6 47. Qg2
Qg6 48. Qxg6+ Kxg6 49. Kc3 Kf6 50. c5 d5 1/2-1/2

[Event "Madrid-ch Semifinal B"]
[Site "Madrid ESP"]
[Date "2016.03.19"]
[Round "7.6"]
[White "Rojas Pozo, Jose Luis"]
[Black "Morera Rodriguez, Ignacio"]
[Result "1-0"]
[WhiteElo "2017"]
[BlackElo "1901"]
[PlyCount "103"]
[EventDate "2016.03.03"]
[EventType "swiss"]
[EventRounds "9"]
[EventCountry "ESP"]
[Source "lmi"]
[SourceDate "2016.03.03"]

1. c4 Nf6 2. Nc3 g6 3. e4 e5 4. g3 Bg7 5. Bg2 d6 6. Nge2 Nc6 7. d3 Be6 8. O-O
Qd7 9. Nd5 O-O 10. Bg5 Nh5 11. Qd2 Nd4 12. Nxd4 exd4 13. Bh6 c6 14. Bxg7 Kxg7
15. Nf4 Nxf4 16. Qxf4 Rad8 17. Rfe1 c5 18. h4 Qe7 19. Rab1 Qf6 20. Qxf6+ Kxf6
21. f4 b6 22. b4 Rb8 23. b5 h6 24. Rb3 Rfd8 25. Ra3 Rd7 26. Rf1 Bg4 27. Kh2 Re7
28. Bh3 Bxh3 29. Kxh3 h5 30. Re1 Rbb7 31. Kg2 Kg7 32. Kf3 f5 33. Ra6 Kf6 34. a4
fxe4+ 35. dxe4 Kf7 36. a5 Kf6 37. axb6 axb6 38. Rea1 Kf7 39. Ra8 Re8 40. Rxe8
Kxe8 41. g4 Kf7 42. g5 Ke6 43. Ra8 Kf7 44. f5 gxf5 45. exf5 Re7 46. Rd8 Re3+
47. Kf4 Ke7 48. Rb8 Rh3 49. Rb7+ Kf8 50. g6 d3 51. f6 Rxh4+ 52. Kf5 1-0